Titres de chansons avec le mot "Femme(s) ou "Fille(s) - Statistiques

Statistiques générales
  • Ce quiz a été pris 425 fois
  • Le résultat moyen est 10 sur 39
Statistiques - réponses
Année Interprète Chanson % Correct
1984 Cookie Dingler Femme libérée
75%
2006 Olivia Ruiz La femme chocolat
70%
1981 Michel Sardou Etre une femme
65%
1982 Julien Clerc Femmes... Je vous aime
59%
2004 K.Maro Femme like U
57%
1990 Mécano Une femme avec une femme
57%
1977 Patrick Juvet Où sont les femmes
56%
2001 L5 Toutes les femmes de ta vie
55%
1979 Serge Lama Femme femme femme
48%
1990 Didier Barbelivien et Félix Gray A toutes les filles
39%
2006 Shy'm Femme de couleur
37%
1988 Soldat Louis Du rhum des femmes
36%
1982 Jean-Luc Lahaye Femme que j'aime
36%
2000 Florent Pagny Et un jour une femme
30%
1973 Serge Lama Les p'tites femmes de Pigalle
30%
1981 Patrick Coutin J'aime regarder les filles
27%
1974 Au Bohneur des Dames Oh les filles!
25%
1998 Axelle Red Rester femme
23%
1963 Claude Nougaro Cécile, ma fille
22%
1974 Richard Anthony Amoureux de ma femme
21%
1993 Alain Souchon Sous les jupes des filles
20%
1980 Mireille Mathieu Une femme amoureuse
16%
1964 France Gall Laisse tomber les filles
14%
1964 Adamo Les filles du bord de mer
13%
1975 Jean Ferrat La femme est l'avenir de l'homme
11%
1992 Jacques Dutronc La fille du Pére Noël
11%
2009 Ronan Luce La fille de la bande
9%
1974 Michel Sardou Une fille aux yeux clairs
8%
1970 Philippe Lavil Avec les filles je ne sais pas
7%
1958 Georges Brassens La femme d'Hector
7%
1989 Patrick Bruel La fille de l'aéroport
6%
1974 C.Jérôme La petite fille 73
4%
1988 Raft Femmes du Congo
3%
2005 Corneille Le bon Dieu est une femme
3%
1985 Noé Willer Toi, femme publique
3%
1993 Duran Duran Femme fatale
2%
1994 Bernard Lavilliers La femme et l'enfant
1%
1993 IAM Une femme seule
1%
1968 Jacques Brel Comment tuer l'amant de sa femme quand on a été élevé comme moi dans la tradition
0%
Aucun quiz correspondant
Distribution des résultats
% des personnes avec chaque résultat
Percentile par nombre de réponses
Votre historique - résultats
Vous n’avez pas pris ce quiz